Spravodaj časopis stavba a bývanie : pre ... domácností

Bibliographic Details
Previous Title:Spravodaj Nitra
Format: Journal
Language:Slovak
Published: Nitra Spravodaj Nitra 2008-2010
Subjects:

MARC

LEADER 00000nas a2200000 a 4500
001 vtls011592608
003 SK-MaSNL
005 20260228164433.0
008 161114d20082010xo wr|p 0 0slo
040 |a SNK  |b slo  |c SNK  |e AACR2 
041 |a slo 
044 |a xo  |c SK 
072 7 |a 69  |x Stavebníctvo  |2 konspekt 
072 7 |a 643  |x Byt. Miestnosti. Vybavenie bytu  |2 konspekt 
080 |a 69.01/.03  |2 2001 
080 |a 643  |2 2001 
080 |a 347.214.2  |2 2001 
080 |a 050  |2 2001 
080 |a 908(...)  |2 2001 
080 |a 655.535.6(051)  |2 2011 
245 0 0 |a Spravodaj  |b časopis stavba a bývanie : pre ... domácností 
246 3 3 |a Spravodaj  |b reality špeciál : stavba a bývanie : časopis pre ... domácností 
246 3 3 |a Spravodaj  |b časopis Stavba a bývanie - Reality špeciál  |f č. 9/2009 
260 |a Nitra  |b Spravodaj Nitra  |c 2008-2010 
300 |a 3 zv.  |c 30 cm 
310 |a 1x týždenne 
362 1 |a Č. 40 (2008)-č. 49 (2009) ; č. 09 (2010)-č. 26 (2010) 
500 |a Názov tiráži od ?/2008-03/2009: Spravodajca Realitný časopis ; od č. 04/2009-?: Spravodajca Časopis stavba a bývanie 
500 |a Reg. číslo: MK 1362/95 
500 |a V 09/2009 Spravodaj Časopis Stavba a bývanie vychádza zvratmo s časopisom Reality špeciál s číslom 08/2009 
500 |a Reg. číslo: EV 2896/09 
650 0 7 |a stavby  |2 SNKPH  |9 2983 
650 0 7 |a byty  |2 SNKPH  |9 3905 
650 0 7 |a nehnuteľnosti  |2 SNKPH  |9 3653 
650 0 7 |a reálie  |2 SNKPH  |9 3876 
655 7 |a inzertné časopisy  |2 SNKPH  |9 70809 
780 0 0 |t Spravodaj Nitra  |w vtls008943545 
910 |a snk 
999 |c 13607  |d 15537 
952 |0 0  |1 0  |4 0  |7 0  |8 0  |a SNK  |b SNK  |d 2016-11-25  |i snk2016/27276  |l 0  |o snkČSB 4946/C/2008  |p 17A1204068  |r 2026-02-21 22:24:37  |t č. 40-49  |w 2026-02-21  |y PREZ 
952 |0 0  |1 0  |4 0  |7 0  |8 0  |a SNK  |b SNK  |d 2016-11-25  |i snk2016/27278  |l 0  |o snkČSB 4946/C/2009  |p 17A1204067  |r 2026-02-21 22:24:37  |t č. 1-49, neúplné  |w 2026-02-21  |y PREZ  |z Chýba č. 8, 47 
952 |0 0  |1 0  |4 0  |7 0  |8 0  |a SNK  |b SNK  |d 2016-11-25  |i snk2016/27281  |l 0  |o snkČSB 4946/C/2010  |p 17A1204066  |r 2026-02-21 22:24:37  |t č.1-50, neúplné  |w 2026-02-21  |y PREZ  |z Chýba č.1-8, 25, 27-50